000 00313nam a22001217a 4500
008 180806b xxu||||| |||| 00| 0 eng d
082 _a813.52
245 _aA projekt menagement simulation for classroom instruction
_cPINTO.J.K
260 _c2003
300 _a1
_fcd
440 _x9780072480870
942 _2ddc
_cMX
999 _c46852
_d46852